[Event "POL-chT1"]
[Site "Mrzezyno"]
[Date "2011.09.10"]
[Round "8"]
[White "Sabuk, Piotr"]
[Black "Modzelan, Andrzej"]
[Result "0-1"]
[WhiteElo "2199"]
[BlackElo "2210"]
[PlyCount "52"]
[EventDate "2011.09.03"]
[EventType "team-tourn"]
[EventRounds "9"]
[EventCountry "POL"]
[SourceTitle "CBM 144 Extra"]
[Source "ChessBase"]
[SourceDate "2011.10.28"]
[SourceVersion "1"]
[SourceVersionDate "2011.10.28"]
[SourceQuality "1"]
[WhiteTeam "Legnica Miedz"]
[BlackTeam "Gorzow Wielkopolski Stilon"]
[WhiteTeamCountry "POL"]
[BlackTeamCountry "POL"]

1. e4 e5 2. Nf3 Nc6 3. Bb5 a6 4. Ba4 Nf6 5. 0-0 b5 6. Bb3 Bb7 7. Re1 Bc5 8. c3 d6 9. d4 Bb6 10. a4 0-0 11. axb5 axb5 12. Rxa8 Qxa8 13. Bg5 Nd7 14. d5 Na5 15. Ba2 Nc4 16. Bxc4 bxc4 17. Nh4 Nc5 18. Qg4 Bc8 19. Nf5 Bxf5 20. Qxf5 Nd3 21. Rf1 Nxf2 22. h4 Nxe4+ 23. Kh2 Nxg5 24. Qxg5 Qxd5 25. Na3 Qe6 26. h5 h6 0-1

[Event "Oberliga Nord O 0001"]
[Site "Germany"]
[Date "2001.??.??"]
[Round "?"]
[White "Holler, Martin"]
[Black "Modzelan, Andrzej"]
[Result "1/2-1/2"]
[WhiteElo "2145"]
[BlackElo "2225"]
[PlyCount "52"]
[EventDate "2000.10.??"]
[EventType "team"]
[EventRounds "9"]
[EventCountry "GER"]
[SourceTitle "EXT 2004"]
[Source "ChessBase"]
[SourceDate "2003.11.25"]
[SourceVersion "1"]
[SourceVersionDate "2003.11.25"]
[SourceQuality "1"]

1. e4 e5 2. Nf3 Nc6 3. Bc4 Bc5 4. 0-0 Nf6 5. b4 Bxb4 6. d4 exd4 7. c3 Be7 8. e5 Ne4 9. cxd4 d5 10. exd6 Nxd6 11. Bb3 Bg4 12. Bb2 0-0 13. Qd3 Bxf3 14. gxf3 Bf6 15. Na3 a6 16. Rad1 Qd7 17. Nc2 Qh3 18. Bd5 Nf5 19. Be4 Nfxd4 20. Bxd4 Nxd4 21. Nxd4 Rad8 22. Qe3 Be5 23. Bxh7+ Kxh7 24. Qxe5 Rd6 25. Nf5 Rg6+ 26. Ng3 f5 1/2-1/2

[Event "Oberliga Nord O 0001"]
[Site "Germany"]
[Date "2001.??.??"]
[Round "?"]
[White "Modzelan, Andrzej"]
[Black "Goebel, Wolfgang"]
[Result "1/2-1/2"]
[WhiteElo "2225"]
[BlackElo "2115"]
[PlyCount "46"]
[EventDate "2000.10.??"]
[EventType "team"]
[EventRounds "9"]
[EventCountry "GER"]
[SourceTitle "EXT 2004"]
[Source "ChessBase"]
[SourceDate "2003.11.25"]
[SourceVersion "1"]
[SourceVersionDate "2003.11.25"]
[SourceQuality "1"]

1. b3 Nf6 2. Bb2 d6 3. c4 e5 4. d3 g6 5. Nf3 Bg7 6. g3 0-0 7. Bg2 Nc6 8. 0-0 Nh5 9. Nc3 f5 10. Nd2 Be6 11. a3 Qd7 12. b4 Nd8 13. b5 f4 14. Nf3 Bh3 15. d4 Bxg2 16. Kxg2 fxg3 17. hxg3 Qg4 18. e3 Ne6 19. dxe5 Nhf4+ 20. exf4 Nxf4+ 21. Kg1 Nh3+ 22. Kg2 Nf4+ 23. Kg1 Nh3+ 1/2-1/2

[Event "MK Cafe Cup-B"]
[Site "Koszalin"]
[Date "1998.??.??"]
[Round "10"]
[White "Jurkiewicz, Krzysztof"]
[Black "Modzelan, Andrzej"]
[Result "0-1"]
[WhiteElo "2160"]
[BlackElo "2205"]
[PlyCount "72"]
[EventDate "1998.08.??"]
[EventType "swiss"]
[EventRounds "10"]
[EventCountry "POL"]
[SourceTitle "EXT 1999"]
[Source "ChessBase"]
[SourceDate "1998.11.16"]
[SourceVersion "1"]
[SourceVersionDate "1998.11.16"]
[SourceQuality "1"]

1. c4 e5 2. Nc3 d6 3. g3 f5 4. Bg2 Nf6 5. e3 Be7 6. Nge2 0-0 7. 0-0 Nc6 8. b3 Qe8 9. d3 f4 10. exf4 Qh5 11. d4 Bh3 12. d5 Nb4 13. f3 e4 14. Bxh3 Qxh3 15. Nxe4 Nxe4 16. fxe4 Bf6 17. Bd2 Bxa1 18. Qxa1 Nd3 19. Qd4 Ne5 20. Rf2 Ng4 21. Rg2 Rae8 22. Bc3 Rf7 23. f5 Ne5 24. Qe3 Qg4 25. Rf2 g5 26. Nd4 Qh5 27. Ne6 Ng4 28. Qf3 h6 29. Bb2 Qh3 30. Re2 c6 31. Qd3 cxd5 32. Qxd5 Nxh2 33. Qd3 Ng4 34. Rg2 b5 35. Qxd6 Ne3 36. Rh2 Qf1# 0-1

[Event "MK Cafe Cup-B"]
[Site "Koszalin"]
[Date "1998.??.??"]
[Round "6"]
[White "Mashinskaya, Iulia"]
[Black "Modzelan, Andrzej"]
[Result "1-0"]
[WhiteElo "2325"]
[BlackElo "2205"]
[PlyCount "82"]
[EventDate "1998.08.??"]
[EventType "swiss"]
[EventRounds "10"]
[EventCountry "POL"]
[SourceTitle "EXT 1999"]
[Source "ChessBase"]
[SourceDate "1998.11.16"]
[SourceVersion "1"]
[SourceVersionDate "1998.11.16"]
[SourceQuality "1"]

1. e4 e5 2. Nf3 Nc6 3. d4 exd4 4. Nxd4 Bc5 5. Be3 Bb6 6. Nc3 Nf6 7. Nxc6 bxc6 8. e5 Nd5 9. Nxd5 cxd5 10. Qxd5 Rb8 11. Bc4 0-0 12. Bxb6 Rxb6 13. 0-0 Bb7 14. Qd2 Qh4 15. f4 Rh6 16. g3 Qe7 17. Rad1 d6 18. Rfe1 dxe5 19. Rxe5 Qf6 20. Qf2 Rg6 21. Qc5 h5 22. Rf5 Rd8 23. Re1 Qc6 24. Bxf7+ Kh8 25. Qxc6 Rxc6 26. Bd5 Rxd5 27. Rxd5 Rxc2 28. Rxh5+ Kg8 29. Rb5 Bc6 30. Rb8+ Kh7 31. h4 Rg2+ 32. Kf1 Rxg3 33. Ke2 Rg4 34. Ke3 Rxh4 35. Rc1 Rh6 36. Rc8 Bd5 37. R8xc7 a6 38. a3 Rh2 39. Rg1 Rxb2 40. Rcxg7+ Kh6 41. R1g6+ Kh5 1-0

[Event "MK Cafe Cup-B"]
[Site "Koszalin"]
[Date "1998.??.??"]
[Round "4"]
[White "Modzelan, Andrzej"]
[Black "Fiodorov, Mikhail"]
[Result "1-0"]
[WhiteElo "2205"]
[BlackElo "2295"]
[PlyCount "81"]
[EventDate "1998.08.??"]
[EventType "swiss"]
[EventRounds "10"]
[EventCountry "POL"]
[SourceTitle "EXT 1999"]
[Source "ChessBase"]
[SourceDate "1998.11.16"]
[SourceVersion "1"]
[SourceVersionDate "1998.11.16"]
[SourceQuality "1"]

1. b3 d5 2. Bb2 c5 3. e3 Nf6 4. Nf3 Nc6 5. Bb5 Qb6 6. Bxc6+ Qxc6 7. Ne5 Qc7 8. d3 e6 9. 0-0 Bd6 10. f4 0-0 11. Nd2 Nd7 12. Qh5 f6 13. Ng4 Rf7 14. c4 f5 15. Nf2 d4 16. exd4 Bxf4 17. Nf3 Nf6 18. Qh4 cxd4 19. Bxd4 Bd7 20. Rae1 Re8 21. Nh3 Bh6 22. Nhg5 Rff8 23. Ne5 Bxg5 24. Qxg5 b6 25. Kh1 Bc8 26. Bb2 Bb7 27. Ba3 Rf7 28. Nxf7 Kxf7 29. Bb2 h6 30. Qg3 Qxg3 31. hxg3 Ng4 32. Kg1 Rd8 33. d4 g6 34. Re2 h5 35. d5 exd5 36. Rfe1 Rd7 37. Ba3 Bc6 38. Re7+ Rxe7 39. Rxe7+ Kf6 40. Rc7 Be8 41. cxd5 1-0

[Event "Gorzow Wielkopolski"]
[Site "Gorzow Wielkopolski"]
[Date "1987.05.28"]
[Round "6"]
[White "Kosanovic, Goran A"]
[Black "Modzelan, Andrzej"]
[Result "0-1"]
[WhiteElo "2330"]
[BlackElo "2205"]
[PlyCount "80"]
[EventDate "1987.05.23"]
[EventType "tourn"]
[EventRounds "13"]
[EventCountry "POL"]
[EventCategory "4"]
[SourceTitle "EXT 2015"]
[Source "ChessBase"]
[SourceDate "2014.11.20"]
[SourceVersion "1"]
[SourceVersionDate "2014.11.20"]
[SourceQuality "1"]

1. e4 e5 2. Nf3 Nc6 3. Bc4 Nf6 4. d3 h6 5. 0-0 g6 6. d4 exd4 7. e5 d5 8. Bb5 Ne4 9. Nxd4 Bd7 10. Bxc6 bxc6 11. f3 Ng5 12. f4 Ne6 13. Be3 c5 14. Nxe6 Bxe6 15. c3 Qd7 16. Nd2 h5 17. Nb3 c4 18. Nc5 Bxc5 19. Bxc5 a5 20. Qd4 Rg8 21. Rae1 Qb5 22. Rf2 a4 23. h3 Ra5 24. Bb4 c5 25. Qe3 cxb4 26. Qg3 Bf5 27. Qg5 bxc3 28. bxc3 Qd7 29. g4 hxg4 30. hxg4 Be4 31. Rb2 Rb5 32. Rd2 Qe7 33. Qh6 a3 34. Rd4 Rb2 35. Qh3 Qe6 36. Re3 Rg2+ 37. Kf1 Qxg4 38. Rdxe4 Rg1+ 39. Kf2 dxe4 40. Qh2 Rb1 0-1

[Event "Gorzow Wielkopolski"]
[Site "Gorzow Wielkopolski"]
[Date "1987.05.26"]
[Round "4"]
[White "Haba, Petr"]
[Black "Modzelan, Andrzej"]
[Result "1/2-1/2"]
[WhiteElo "2370"]
[BlackElo "2205"]
[PlyCount "92"]
[EventDate "1987.05.23"]
[EventType "tourn"]
[EventRounds "13"]
[EventCountry "POL"]
[EventCategory "4"]
[SourceTitle "EXT 2015"]
[Source "ChessBase"]
[SourceDate "2014.11.20"]
[SourceVersion "1"]
[SourceVersionDate "2014.11.20"]
[SourceQuality "1"]

1. d4 Nf6 2. c4 e6 3. g3 Bb4+ 4. Nd2 c5 5. dxc5 Bxc5 6. Bg2 Nc6 7. Ngf3 d5 8. 0-0 0-0 9. a3 a5 10. cxd5 Qxd5 11. Qc2 Qh5 12. b3 Nd4 13. Qd1 e5 14. Bb2 Nxf3+ 15. exf3 Rd8 16. Qe2 Bd4 17. Nc4 Be6 18. Nxe5 Qxe5 19. Qxe5 Bxe5 20. Bxe5 Bxb3 21. f4 Bd5 22. Rfb1 Ne4 23. Rb5 Bc6 24. Rb6 f6 25. Bb2 Rd2 26. Rf1 Rad8 27. Bc1 Rd1 28. Be3 Rxf1+ 29. Bxf1 Rd1 30. Rb2 Bd5 31. Rc2 b5 32. Rc1 Rxc1 33. Bxc1 b4 34. axb4 axb4 35. Bg2 Nc3 36. Bxd5+ Nxd5 37. Kf1 Nc3 38. Ke1 b3 39. Kd2 Na4 40. Ba3 Kf7 41. f5 g6 42. fxg6+ Kxg6 43. f3 h5 44. h3 Kg5 45. Be7 Nb6 46. h4+ Kf5 1/2-1/2